[Event "COL-ch Blitz"]
[Site "Villavicencio"]
[Date "2021.11.15"]
[Round "8"]
[White "Echavarria, Johann"]
[Black "Barrientos Chavarriaga, Sergio E"]
[Result "0-1"]
[WhiteElo "2288"]
[BlackElo "2485"]
[PlyCount "48"]
[EventDate "2021.11.15"]
[EventType "swiss (blitz)"]
[EventRounds "13"]
[EventCountry "COL"]
[SourceTitle "CBM 205 Extra"]
[Source "ChessBase"]
[SourceDate "2022.01.31"]
[SourceVersion "1"]
[SourceVersionDate "2022.01.31"]
[SourceQuality "1"]

1. c4 Nf6 2. Nc3 e6 3. e4 c5 4. e5 Ng8 5. d4 cxd4 6. Qxd4 Nc6 7. Qe4 f5 8. exf6 Nxf6 9. Qh4 Nb4 10. Rb1 Nc2+ 11. Kd1 Nb4 12. a3 Nc6 13. Bd3 d5 14. Bg6+ hxg6 15. Qxh8 dxc4+ 16. Bd2 e5 17. Qh4 Bf5 18. Qxc4 Bxb1 19. Qe6+ Be7 20. Nxb1 Qd3 21. Qa2 Qf1+ 22. Be1 Qxg2 23. Nc3 0-0-0+ 24. Kc2 Nd4+ 0-1

[Event "COL-ch Blitz"]
[Site "Villavicencio"]
[Date "2021.11.15"]
[Round "13"]
[White "Echavarria, Johann"]
[Black "Panesso Rivera, Henry"]
[Result "1-0"]
[WhiteElo "2288"]
[BlackElo "2386"]
[PlyCount "91"]
[EventDate "2021.11.15"]
[EventType "swiss (blitz)"]
[EventRounds "13"]
[EventCountry "COL"]
[SourceTitle "CBM 205 Extra"]
[Source "ChessBase"]
[SourceDate "2022.01.31"]
[SourceVersion "1"]
[SourceVersionDate "2022.01.31"]
[SourceQuality "1"]

1. e4 c5 2. Nf3 e6 3. d4 cxd4 4. Nxd4 Nc6 5. Nb5 d6 6. Bf4 e5 7. Be3 a6 8. N5c3 Be7 9. Nd5 Rb8 10. Bb6 Qd7 11. Nc7+ Kf8 12. Nd5 Nf6 13. Nbc3 Bd8 14. Be3 Ng4 15. Bd2 f5 16. Bd3 f4 17. g3 g5 18. f3 Nh6 19. Qe2 Nd4 20. Qf2 Qf7 21. 0-0-0 b5 22. h4 b4 23. Ne2 fxg3 24. Qxg3 Nxe2+ 25. Bxe2 Qg7 26. hxg5 Nf7 27. Rdg1 a5 28. Bc4 Be6 29. f4 Rc8 30. Bb3 a4 31. Bxa4 Bxd5 32. exd5 e4 33. f5 Qe5 34. g6 Qxg3 35. Rxg3 hxg6 36. Rxh8+ Nxh8 37. fxg6 Kg7 38. Bxb4 Nxg6 39. Bd7 Rc4 40. Bc3+ Kh6 41. Bd2+ e3 42. Bxe3+ Kg7 43. Bf5 Kf6 44. Bxg6 Rh4 45. Bg5+ Kxg6 46. Bxh4+ 1-0

[Event "COL-ch Blitz"]
[Site "Villavicencio"]
[Date "2021.11.15"]
[Round "4"]
[White "Lopez Rayo, Santiago"]
[Black "Echavarria, Johann"]
[Result "1-0"]
[WhiteElo "1855"]
[BlackElo "2288"]
[PlyCount "56"]
[EventDate "2021.11.15"]
[EventType "swiss (blitz)"]
[EventRounds "13"]
[EventCountry "COL"]
[SourceTitle "CBM 205 Extra"]
[Source "ChessBase"]
[SourceDate "2022.01.31"]
[SourceVersion "1"]
[SourceVersionDate "2022.01.31"]
[SourceQuality "1"]

1. e4 c5 2. Nf3 Nc6 3. d4 cxd4 4. Nxd4 Nf6 5. Nc3 e6 6. Ndb5 d6 7. Bf4 e5 8. Bg5 a6 9. Na3 Be6 10. Nc4 Rb8 11. Ne3 Be7 12. Bxf6 Bxf6 13. Ncd5 Bg5 14. c3 0-0 15. Be2 b5 16. 0-0 Ne7 17. Qd3 Bxe3 18. Nxe3 Qc7 19. Rad1 Rfd8 20. Qb1 a5 21. Rd2 b4 22. cxb4 Rxb4 23. Rc1 Qb7 24. Nc4 Bxc4 25. Bxc4 Qb6 26. b3 Qb8 27. Qd3 Ng6 28. Qd5 Qa7 1-0

[Event "COL-ch Rapid"]
[Site "Villavicencio"]
[Date "2021.11.14"]
[Round "7"]
[White "Echavarria, Johann"]
[Black "Cordoba Roa, Angel Gabriel"]
[Result "0-1"]
[WhiteElo "2317"]
[BlackElo "1606"]
[PlyCount "88"]
[EventDate "2021.11.13"]
[EventType "swiss (rapid)"]
[EventRounds "9"]
[EventCountry "COL"]
[SourceTitle "CBM 205 Extra"]
[Source "ChessBase"]
[SourceDate "2022.01.31"]
[SourceVersion "1"]
[SourceVersionDate "2022.01.31"]
[SourceQuality "1"]

1. e4 c5 2. Nf3 d6 3. d4 cxd4 4. Nxd4 Nf6 5. Nc3 g6 6. g3 Bg7 7. Bg2 0-0 8. 0-0 Nc6 9. Nde2 Bd7 10. h3 Qc8 11. Kh2 Rb8 12. Nd5 Nxd5 13. exd5 Ne5 14. Rb1 e6 15. f4 Nc4 16. b3 Nb6 17. dxe6 Bxe6 18. Ba3 Re8 19. c4 d5 20. c5 Nd7 21. Nd4 Nxc5 22. Rc1 b6 23. b4 Qa6 24. Rf3 Ne4 25. b5 Qb7 26. Nc6 Rbc8 27. Re3 f5 28. Qa4 Bd7 29. Qb3 Be6 30. Qa4 Kh8 31. Rd3 Ra8 32. Nd4 Bg8 33. Rc6 a6 34. Bb2 axb5 35. Qxb5 Ra5 36. Qxb6 Qxb6 37. Rxb6 Rxa2 38. h4 Rc8 39. Rb7 Rc4 40. Rxg7 Kxg7 41. Nxf5+ Kf8 42. Bxe4 Rxb2+ 43. Bg2 gxf5 44. Kh3 Rcc2 0-1

[Event "COL-ch Rapid"]
[Site "Villavicencio"]
[Date "2021.11.13"]
[Round "2"]
[White "Toro Castaneda, Miguel Angel"]
[Black "Echavarria, Johann"]
[Result "0-1"]
[WhiteElo "1952"]
[BlackElo "2317"]
[PlyCount "64"]
[EventDate "2021.11.13"]
[EventType "swiss (rapid)"]
[EventRounds "9"]
[EventCountry "COL"]
[SourceTitle "CBM 205 Extra"]
[Source "ChessBase"]
[SourceDate "2022.01.31"]
[SourceVersion "1"]
[SourceVersionDate "2022.01.31"]
[SourceQuality "1"]

1. e4 c5 2. Nf3 Nc6 3. d4 cxd4 4. Nxd4 Nf6 5. Nc3 e6 6. Nxc6 bxc6 7. Bd3 d5 8. 0-0 Bb4 9. e5 Nd7 10. Qg4 Bf8 11. f4 Ba6 12. Bxa6 Qb6+ 13. Kh1 Qxa6 14. Re1 g6 15. Ne2 Qc4 16. b3 Qxc2 17. Nd4 Qd3 18. Nxe6 h5 19. Nc7+ Kd8 20. Qh4+ Kxc7 21. e6 fxe6 22. Bb2 Bb4 23. Bxh8 Bxe1 24. Qxe1 Rxh8 25. Qxe6 Qe4 26. Qh3 Qxf4 27. Qc3 Rf8 28. h3 Kb7 29. Rc1 Rf6 30. b4 Qe5 31. Qa3 Qe2 32. Qg3 Rf1+ 0-1

[Event "Medellin Raza op"]
[Site "Medellin"]
[Date "2021.10.09"]
[Round "7"]
[White "Echavarria, Johann"]
[Black "Soto, Cristian Camilo"]
[Result "0-1"]
[WhiteElo "2288"]
[BlackElo "2078"]
[PlyCount "66"]
[EventDate "2021.10.06"]
[EventType "swiss"]
[EventRounds "9"]
[EventCountry "COL"]
[SourceTitle "EXT 2023"]
[Source "ChessBase"]
[SourceDate "2022.10.05"]
[SourceVersion "1"]
[SourceVersionDate "2022.10.05"]
[SourceQuality "1"]

1. d4 Nf6 2. c4 e6 3. Nc3 Bb4 4. e3 c5 5. Nf3 b6 6. Bd3 Bb7 7. 0-0 Bxc3 8. bxc3 d6 9. Nd2 Nc6 10. f4 Rc8 11. e4 cxd4 12. cxd4 Nxd4 13. e5 dxe5 14. fxe5 Nd7 15. Qg4 Nc5 16. Qxg7 Rf8 17. Ba3 Nf5 18. Bxf5 Qxd2 19. Bxc5 Rxc5 20. Bxh7 Qe3+ 21. Kh1 Qxe5 22. Qg4 Qh5 23. Qd4 Qxh7 24. Rad1 Bxg2+ 25. Kxg2 Rg8+ 26. Kf3 Qh3+ 27. Ke2 Qxh2+ 28. Rf2 Qe5+ 29. Kf1 Qxd4 30. Rxd4 Ke7 31. Rfd2 Rc7 32. Kf2 Rg5 33. Ke3 Rg3+ 0-1

[Event "Medellin Raza op"]
[Site "Medellin"]
[Date "2021.10.09"]
[Round "6"]
[White "Perez, William"]
[Black "Echavarria, Johann"]
[Result "0-1"]
[WhiteElo "2001"]
[BlackElo "2288"]
[PlyCount "42"]
[EventDate "2021.10.06"]
[EventType "swiss"]
[EventRounds "9"]
[EventCountry "COL"]
[SourceTitle "EXT 2023"]
[Source "ChessBase"]
[SourceDate "2022.10.05"]
[SourceVersion "1"]
[SourceVersionDate "2022.10.05"]
[SourceQuality "1"]

1. c4 e5 2. Nc3 Bb4 3. g3 Bxc3 4. dxc3 d6 5. Bg2 Ne7 6. Nf3 Nbc6 7. 0-0 Be6 8. b3 h6 9. e4 Qd7 10. Be3 b6 11. Qe2 Bh3 12. Rad1 Bxg2 13. Kxg2 f5 14. exf5 Nxf5 15. Bc1 0-0 16. Nd2 Nce7 17. Ne4 Ng6 18. Kh1 Nfe7 19. Kg2 Rf5 20. h4 Qe8 21. h5 Rxh5 0-1

[Event "Medellin Raza op"]
[Site "Medellin"]
[Date "2021.10.08"]
[Round "5"]
[White "Echavarria, Johann"]
[Black "Mesa Cruz, Juan Carlos"]
[Result "1/2-1/2"]
[WhiteElo "2288"]
[BlackElo "2026"]
[PlyCount "44"]
[EventDate "2021.10.06"]
[EventType "swiss"]
[EventRounds "9"]
[EventCountry "COL"]
[SourceTitle "EXT 2023"]
[Source "ChessBase"]
[SourceDate "2022.10.05"]
[SourceVersion "1"]
[SourceVersionDate "2022.10.05"]
[SourceQuality "1"]

1. d4 Nf6 2. c4 e6 3. Nc3 Bb4 4. e3 0-0 5. Bd3 b6 6. Nge2 Bb7 7. 0-0 d5 8. cxd5 exd5 9. Qc2 a6 10. f3 c5 11. a3 cxd4 12. axb4 dxc3 13. Qxc3 Nbd7 14. Bd2 Re8 15. Qd4 Ne5 16. b3 Nc6 17. Qh4 Qd6 18. Ng3 g6 19. Rad1 Nd7 20. Bc3 Qe7 21. Qxe7 Rxe7 22. Kf2 f5 1/2-1/2

[Event "Medellin Raza op"]
[Site "Medellin"]
[Date "2021.10.07"]
[Round "3"]
[White "Echavarria, Johann"]
[Black "Sanchez, Sebastian Felipe"]
[Result "1/2-1/2"]
[WhiteElo "2288"]
[BlackElo "2445"]
[PlyCount "93"]
[EventDate "2021.10.06"]
[EventType "swiss"]
[EventRounds "9"]
[EventCountry "COL"]
[SourceTitle "EXT 2023"]
[Source "ChessBase"]
[SourceDate "2022.10.05"]
[SourceVersion "1"]
[SourceVersionDate "2022.10.05"]
[SourceQuality "1"]

1. e4 c5 2. Nf3 d6 3. d4 cxd4 4. Nxd4 Nf6 5. Nc3 a6 6. g3 e6 7. Bg2 Be7 8. 0-0 Qc7 9. Be3 Nc6 10. Nxc6 bxc6 11. Na4 Rb8 12. c4 c5 13. b3 0-0 14. Nc3 Bb7 15. h3 Rfd8 16. Qc2 Nd7 17. f4 Rbc8 18. g4 Nb8 19. g5 Nc6 20. Rad1 g6 21. Qf2 Bf8 22. f5 Rb8 23. Qg3 Qa5 24. Bd2 Qc7 25. h4 Nd4 26. f6 Rd7 27. h5 Re8 28. Kh1 Qd8 29. Qh4 d5 30. hxg6 hxg6 31. exd5 exd5 32. Nxd5 Bxd5 33. cxd5 Rxd5 34. Ba5 Qd6 35. Rd3 Nf5 36. Rxd5 Nxh4 37. Rxd6 Bxd6 38. Bc6 Re2 39. Rd1 Nf5 40. Re1 Rh2+ 41. Kg1 Rxa2 42. Re8+ Kh7 43. Bd5 Rxa5 44. Bxf7 Ra2 45. Bg8+ Kh8 46. Be6+ Kh7 47. Bg8+ 1/2-1/2

[Event "COL-ch sf"]
[Site "Santa Rosa"]
[Date "2021.08.16"]
[Round "10"]
[White "Gallego, Julian Andres"]
[Black "Echavarria, Johann"]
[Result "0-1"]
[WhiteElo "2182"]
[BlackElo "2283"]
[PlyCount "126"]
[EventDate "2021.08.11"]
[EventType "swiss"]
[EventRounds "11"]
[EventCountry "COL"]
[SourceTitle "CBM 204 Extra"]
[Source "ChessBase"]
[SourceDate "2021.11.30"]
[SourceVersion "1"]
[SourceVersionDate "2021.11.30"]
[SourceQuality "1"]

1. d4 d5 2. c4 c6 3. Nf3 Nf6 4. Qc2 dxc4 5. e4 b5 6. b3 cxb3 7. axb3 e6 8. Bd3 a5 9. 0-0 Na6 10. Bd2 Nb4 11. Bxb4 Bxb4 12. Ne5 Bb7 13. Nxc6 Bxc6 14. Qxc6+ Ke7 15. Qb7+ Kf8 16. Rc1 Rb8 17. Qa7 Ra8 18. Qb7 Rb8 19. Qc7 g6 20. Na3 Kg7 21. e5 Ng4 22. Qxd8 Rhxd8 23. Nxb5 Nxe5 24. Be2 Nd7 25. Na7 Rb6 26. Rc7 Nf6 27. Nc6 Bd6 28. Rxf7+ Kxf7 29. Nxd8+ Ke7 30. Nxe6 Kxe6 31. Bc4+ Ke7 32. Rxa5 Rb7 33. g3 Bb4 34. Re5+ Kf8 35. Re6 Kg7 36. h3 Rd7 37. f4 Rxd4 38. Kf2 Ne4+ 39. Ke3 Bc5 40. Rxe4 Rxc4+ 41. Kd3 Rc1 42. Rc4 Rd1+ 43. Ke4 Be7 44. Rc3 Rd7 45. g4 Rb7 46. Kd5 Kf6 47. f5 Rb5+ 48. Kc6 Rb4 49. fxg6 hxg6 50. Rf3+ Kg5 51. Kd7 Bc5 52. Kc6 Ba7 53. Kd5 Bg1 54. Ke6 Kh4 55. g5 Bh2 56. Kf7 Kxg5 57. Rf2 Rf4+ 58. Rxf4 Bxf4 59. b4 Kh5 60. b5 g5 61. b6 Kh4 62. Kg6 Kxh3 63. Kf5 Kh4 0-1

[Event "COL-ch sf"]
[Site "Santa Rosa"]
[Date "2021.08.15"]
[Round "9"]
[White "Echavarria, Johann"]
[Black "Martinez Romero, Martin"]
[Result "0-1"]
[WhiteElo "2283"]
[BlackElo "2404"]
[PlyCount "66"]
[EventDate "2021.08.11"]
[EventType "swiss"]
[EventRounds "11"]
[EventCountry "COL"]
[SourceTitle "CBM 204 Extra"]
[Source "ChessBase"]
[SourceDate "2021.11.30"]
[SourceVersion "1"]
[SourceVersionDate "2021.11.30"]
[SourceQuality "1"]

1. d4 d6 2. e4 g6 3. c4 Bg7 4. Nc3 Nd7 5. f3 e5 6. Be3 Ne7 7. d5 0-0 8. Qd2 a6 9. g4 c6 10. 0-0-0 b5 11. Kb1 c5 12. cxb5 Nb6 13. h4 axb5 14. Bxb5 Bd7 15. Bxd7 Nc4 16. Qe2 Nxe3 17. Qxe3 Qxd7 18. h5 Rfb8 19. Ka1 Nc8 20. Rb1 Nb6 21. Qd3 c4 22. Qe3 Na4 23. Nge2 Nc5 24. Rbc1 Qa7 25. Qg1 Rb6 26. hxg6 hxg6 27. Rd1 Rab8 28. Qh2 Rxb2 29. Rb1 Rxb1+ 30. Rxb1 Nb3+ 31. Rxb3 cxb3 32. Qg1 Qa6 33. Qe3 Bh6 0-1

[Event "COL-ch sf"]
[Site "Santa Rosa"]
[Date "2021.08.12"]
[Round "2"]
[White "Quiros, Juan Pablo"]
[Black "Echavarria, Johann"]
[Result "1/2-1/2"]
[WhiteElo "1988"]
[BlackElo "2283"]
[PlyCount "130"]
[EventDate "2021.08.11"]
[EventType "swiss"]
[EventRounds "11"]
[EventCountry "COL"]
[SourceTitle "CBM 204 Extra"]
[Source "ChessBase"]
[SourceDate "2021.11.30"]
[SourceVersion "1"]
[SourceVersionDate "2021.11.30"]
[SourceQuality "1"]

1. d4 d5 2. Bf4 c5 3. e3 cxd4 4. exd4 Nc6 5. c3 f6 6. Nf3 g5 7. Bg3 h5 8. h4 g4 9. Ng1 Nh6 10. Bd3 Nf5 11. Ne2 e5 12. Bxf5 Bxf5 13. Qb3 Qd7 14. 0-0 0-0-0 15. dxe5 fxe5 16. Nd2 Bh6 17. Qd1 Rhe8 18. Nb3 Qe7 19. Re1 Qh7 20. Nec1 Bc2 21. Qe2 d4 22. cxd4 exd4 23. Qxe8 Rxe8 24. Rxe8+ Kd7 25. Re1 b6 26. Nxd4 Nxd4 27. Ne2 Nf5 28. Nc3 Nxg3 29. fxg3 Qd3 30. Kh2 Bd2 31. Re5 Bxc3 32. bxc3 Qxc3 33. Rae1 Kc6 34. R1e3 Qd4 35. Re6+ Kb7 36. Re7+ Ka6 37. Ra3+ Ba4 38. Rae3 Qd5 39. Re2 Bb5 40. R7e5 Qd1 41. Rb2 Bc4 42. Rxh5 Qa1 43. Rc2 Bxa2 44. Rg5 Bb3 45. Rf2 Qd4 46. Rgf5 b5 47. h5 Bc4 48. R2f4 Qd2 49. Rf2 Qe3 50. R2f4 Qd2 51. Rf2 Qc1 52. R5f4 Ka5 53. h6 Qb1 54. Rxg4 Kb4 55. Rg7 Qc1 56. Rf4 Qa1 57. Rh4 a5 58. Rg8 Qb1 59. Rg7 Qb2 60. Rg8 Qc2 61. Rg7 Qb2 62. Rg8 Qc2 63. Rg7 Kb3 64. h7 Bd5 65. Kh3 Qxg2+ 1/2-1/2

[Event "COL-ch sf"]
[Site "Santa Rosa"]
[Date "2021.08.11"]
[Round "1"]
[White "Echavarria, Johann"]
[Black "Zuluaga, Nicolas"]
[Result "1-0"]
[WhiteElo "2283"]
[BlackElo "1717"]
[PlyCount "63"]
[EventDate "2021.08.11"]
[EventType "swiss"]
[EventRounds "11"]
[EventCountry "COL"]
[SourceTitle "CBM 204 Extra"]
[Source "ChessBase"]
[SourceDate "2021.11.30"]
[SourceVersion "1"]
[SourceVersionDate "2021.11.30"]
[SourceQuality "1"]

1. e4 c6 2. Nc3 d5 3. Nf3 Bg4 4. h3 dxe4 5. Nxe4 Bf5 6. Ng3 Bg6 7. h4 h6 8. Ne5 Qd6 9. d4 Nd7 10. Nxg6 Qxg6 11. Bf4 Nb6 12. Bd3 Qe6+ 13. Qe2 Qxe2+ 14. Kxe2 0-0-0 15. c3 Nd5 16. Bd2 e6 17. Ne4 Be7 18. b4 Ngf6 19. Nc5 Nd7 20. Rab1 g5 21. Nxd7 Kxd7 22. g3 Rdg8 23. hxg5 hxg5 24. Be4 Kd6 25. Bg2 Bf6 26. Kd3 b6 27. a4 Rg6 28. Rxh8 Bxh8 29. b5 c5 30. dxc5+ Kxc5 31. c4 Nf6 32. Bb4# 1-0

[Event "Feria de las Flores 28th"]
[Site "Medellin"]
[Date "2021.08.06"]
[Round "4"]
[White "Echavarria, Johann"]
[Black "Toro Castaneda, Elizabeth"]
[Result "1-0"]
[WhiteElo "2283"]
[BlackElo "1975"]
[PlyCount "73"]
[EventDate "2021.08.04"]
[EventType "swiss"]
[EventRounds "9"]
[EventCountry "COL"]
[SourceTitle "EXT 2022"]
[Source "ChessBase"]
[SourceDate "2021.10.06"]
[SourceVersion "1"]
[SourceVersionDate "2021.10.06"]
[SourceQuality "1"]

1. d4 Nf6 2. c4 g6 3. Nc3 Bg7 4. e4 d6 5. f3 0-0 6. Be3 c5 7. d5 e6 8. Qd2 exd5 9. cxd5 a6 10. a4 Re8 11. Nge2 h5 12. Nc1 Qa5 13. Ra2 Nbd7 14. Be2 Ne5 15. 0-0 Bd7 16. h3 Qb4 17. b3 Nh7 18. Rc2 f5 19. N1a2 Qa5 20. Rb1 fxe4 21. fxe4 Nf6 22. b4 Qc7 23. bxc5 dxc5 24. Rcb2 Rab8 25. Rb6 Qc8 26. Rf1 Nh7 27. Bh6 c4 28. Rfb1 Rf8 29. Bxg7 Kxg7 30. Qd4 Re8 31. Re6 Bxe6 32. Qxe5+ Kh6 33. dxe6 Rxe6 34. Qd4 Qd8 35. Qe3+ Qg5 36. Qxg5+ Nxg5 37. Bxc4 1-0

[Event "COL pre olympic sf3"]
[Site "Cartagena"]
[Date "2019.08.19"]
[Round "10"]
[White "Sanchez, Sebastian Felipe"]
[Black "Echavarria, Johann"]
[Result "1/2-1/2"]
[WhiteElo "2405"]
[BlackElo "2274"]
[PlyCount "22"]
[EventDate "2019.08.14"]
[EventType "swiss"]
[EventRounds "10"]
[EventCountry "COL"]
[SourceTitle "EXT 2020"]
[Source "ChessBase"]
[SourceDate "2019.10.17"]
[SourceVersion "1"]
[SourceVersionDate "2019.10.17"]
[SourceQuality "1"]

1. Nf3 Nf6 2. g3 c6 3. Bg2 d5 4. 0-0 Bf5 5. d3 e6 6. c4 Nbd7 7. Nc3 Be7 8. Qb3 Qb6 9. Be3 Bc5 10. Bxc5 Nxc5 11. Qxb6 axb6 1/2-1/2

[Event "Medellin Castro Memorial 36th"]
[Site "Medellin"]
[Date "2019.08.11"]
[Round "9"]
[White "Dominguez Rincon, Miller Duvan"]
[Black "Echavarria, Johann"]
[Result "0-1"]
[WhiteElo "2112"]
[BlackElo "2274"]
[PlyCount "60"]
[EventDate "2019.08.07"]
[EventType "swiss"]
[EventRounds "9"]
[EventCountry "COL"]
[SourceTitle "EXT 2020"]
[Source "ChessBase"]
[SourceDate "2019.10.17"]
[SourceVersion "1"]
[SourceVersionDate "2019.10.17"]
[SourceQuality "1"]

1. e4 c5 2. Nf3 Nc6 3. Nc3 e6 4. d4 cxd4 5. Nxd4 Nf6 6. Nxc6 bxc6 7. e5 Nd5 8. Ne4 Bb7 9. c4 Nb4 10. a3 Qa5 11. axb4 Qxa1 12. Nd6+ Bxd6 13. exd6 c5 14. b5 a6 15. Bd3 axb5 16. 0-0 bxc4 17. Bc2 Qa6 18. Bf4 Bd5 19. Re1 Qb7 20. Qh5 0-0-0 21. Qe5 f6 22. Qc3 Qb4 23. Qe3 g5 24. Bg3 Kb7 25. Be4 Ra8 26. Rd1 Bxe4 27. Qxe4+ Kb6 28. h3 c3 29. Qc2 cxb2 30. Rb1 Ra1 0-1

[Event "COL-ch sf1"]
[Site "Medellin"]
[Date "2019.04.20"]
[Round "9"]
[White "Arenas Vanegas, David"]
[Black "Echavarria, Johann"]
[Result "1-0"]
[WhiteElo "2440"]
[BlackElo "2253"]
[PlyCount "79"]
[EventDate "2019.04.16"]
[EventType "swiss"]
[EventRounds "10"]
[EventCountry "COL"]
[SourceTitle "CBM 190 Extra"]
[Source "ChessBase"]
[SourceDate "2019.07.15"]
[SourceVersion "1"]
[SourceVersionDate "2019.07.15"]
[SourceQuality "1"]

1. e4 c5 2. Nf3 Nc6 3. Bb5 g6 4. Bxc6 bxc6 5. d4 Ba6 6. dxc5 Qa5+ 7. Nbd2 Nf6 8. a3 Qxc5 9. b4 Qb6 10. c4 d5 11. exd5 cxd5 12. Qa4+ Nd7 13. Bb2 Qe6+ 14. Kd1 dxc4 15. Re1 Qb6 16. Bd4 Bb5 17. Qc2 Qa6 18. a4 c3 19. Bxc3 Bd3 20. Qb3 Rc8 21. Ng5 e6 22. Nxe6 Be7 23. Nf4 0-0 24. Rxe7 Qd6 25. Nxd3 Qxe7 26. Kc2 Rc7 27. Re1 Qh4 28. Qd5 Rfc8 29. Ne4 Nf6 30. Nxf6+ Qxf6 31. Nc5 Qxf2+ 32. Kb3 a5 33. Qe5 f6 34. Qd5+ Kh8 35. Re6 Rf7 36. Rxf6 Rxf6 37. Qd6 Kg7 38. Qd7+ Kh6 39. Qh3+ Kg7 40. Qxc8 1-0

[Event "COL-ch sf1"]
[Site "Medellin"]
[Date "2019.04.20"]
[Round "8"]
[White "Echavarria, Johann"]
[Black "Rivera, Ingris"]
[Result "1-0"]
[WhiteElo "2253"]
[BlackElo "2197"]
[PlyCount "89"]
[EventDate "2019.04.16"]
[EventType "swiss"]
[EventRounds "10"]
[EventCountry "COL"]
[SourceTitle "CBM 190 Extra"]
[Source "ChessBase"]
[SourceDate "2019.07.15"]
[SourceVersion "1"]
[SourceVersionDate "2019.07.15"]
[SourceQuality "1"]

1. d4 Nf6 2. c4 g6 3. Nc3 Bg7 4. e4 d6 5. f3 0-0 6. Bg5 c5 7. d5 e6 8. Qd2 Qa5 9. Nb5 Qxd2+ 10. Kxd2 exd5 11. cxd5 Ne8 12. Be7 Bxb2 13. Rb1 Bg7 14. Nxd6 Nxd6 15. Bxd6 Rd8 16. Bxc5 b6 17. Be3 Nc6 18. Bb5 Ne5 19. Ne2 Bb7 20. Nf4 a6 21. Be2 b5 22. Rhc1 Rd7 23. Rc2 Re8 24. Ke1 Bh6 25. Kf2 f5 26. Ne6 Bxe3+ 27. Kxe3 Nf7 28. Kf2 fxe4 29. fxe4 Nd6 30. Bd3 Rf7+ 31. Ke3 Rfe7 32. Kd4 Bc8 33. Rc6 Nf7 34. Nc7 Rd8 35. Nxa6 Ne5 36. Rb6 Nxd3 37. Kxd3 Rxe4 38. Kxe4 Bf5+ 39. Kd4 Bxb1 40. a3 Ra8 41. Rb8+ Rxb8 42. Nxb8 Kf7 43. Na6 Ba2 44. Nc7 Bc4 45. Kc5 1-0

[Event "Titled Tuesday intern op 2nd April"]
[Site "Chess.com INT"]
[Date "2019.04.02"]
[Round "8"]
[White "De Schampheleire, Glen"]
[Black "Echavarria, Johann"]
[Result "1-0"]
[WhiteElo "2384"]
[BlackElo "2379"]
[PlyCount "71"]
[EventDate "2019.04.02"]
[EventType "swiss (blitz)"]
[EventRounds "10"]
[EventCountry "USA"]
[SourceTitle "EXT 2021"]
[Source "ChessBase"]
[SourceDate "2020.10.23"]
[SourceVersion "1"]
[SourceVersionDate "2020.10.23"]
[SourceQuality "1"]

1. d4 d5 2. c4 c6 3. cxd5 cxd5 4. Bg5 f6 5. Bd2 Nc6 6. Nc3 Nxd4 7. e3 Nc6 8. Qh5+ g6 9. Qxd5 Bf5 10. e4 Qxd5 11. Nxd5 0-0-0 12. exf5 Rxd5 13. fxg6 hxg6 14. Nf3 e5 15. Bc4 Rd6 16. Be3 Bh6 17. Bc5 Rd8 18. 0-0 Nge7 19. Rfd1 Kc7 20. Bb3 Nf5 21. Rxd8 Rxd8 22. Rd1 Nfd4 23. Nxd4 Nxd4 24. Be7 Rd7 25. Bxf6 Nxb3 26. Bxe5+ Kc6 27. Rxd7 Kxd7 28. axb3 Ke6 29. f4 Kd5 30. Kf2 Ke4 31. Kg3 Ke3 32. h4 a6 33. Kg4 Kf2 34. h5 gxh5+ 35. Kxh5 Bf8 36. g4 1-0

[Event "Titled Tuesday intern op 2nd April"]
[Site "Chess.com INT"]
[Date "2019.04.02"]
[Round "6"]
[White "Echavarria, Johann"]
[Black "Nebolsina, Vera"]
[Result "1-0"]
[WhiteElo "2379"]
[BlackElo "2242"]
[PlyCount "51"]
[EventDate "2019.04.02"]
[EventType "swiss (blitz)"]
[EventRounds "10"]
[EventCountry "USA"]
[SourceTitle "EXT 2021"]
[Source "ChessBase"]
[SourceDate "2020.10.23"]
[SourceVersion "1"]
[SourceVersionDate "2020.10.23"]
[SourceQuality "1"]

1. e4 c5 2. Nf3 d6 3. d4 cxd4 4. Nxd4 Nf6 5. Nc3 a6 6. Bc4 e6 7. Bb3 Be7 8. g4 h6 9. Be3 Nbd7 10. f4 Nc5 11. Qf3 e5 12. Nf5 Bxf5 13. exf5 Qa5 14. 0-0-0 e4 15. Qg2 Nxb3+ 16. cxb3 Rc8 17. Kb1 Rxc3 18. bxc3 Nd5 19. Bd4 0-0 20. Qxe4 Rc8 21. Rc1 Bf6 22. Bxf6 gxf6 23. Qd4 Nxc3+ 24. Rxc3 Rxc3 25. Qxf6 Rh3 26. Rc1 1-0

[Event "COL-ch sf"]
[Site "Medellin"]
[Date "2018.03.18"]
[Round "9"]
[White "Franco Valencia, Angela Maria"]
[Black "Echavarria, Johann"]
[Result "1-0"]
[WhiteElo "2104"]
[BlackElo "2298"]
[PlyCount "81"]
[EventDate "2018.03.14"]
[EventType "swiss"]
[EventRounds "10"]
[EventCountry "COL"]
[SourceTitle "CBM 183 Extra"]
[Source "ChessBase"]
[SourceDate "2018.04.19"]
[SourceVersion "1"]
[SourceVersionDate "2018.04.19"]
[SourceQuality "1"]

1. e4 c5 2. Nf3 Nc6 3. d4 cxd4 4. Nxd4 Nf6 5. Nc3 e6 6. g3 Qb6 7. Nb3 Bb4 8. Bg2 d5 9. 0-0 Bxc3 10. exd5 Nxd5 11. bxc3 0-0 12. c4 Nde7 13. c5 Qd8 14. Bg5 f6 15. Bc1 e5 16. f4 Qxd1 17. Rxd1 Bg4 18. Rd6 Rae8 19. h3 Bc8 20. g4 exf4 21. Bxf4 Ng6 22. Bg3 Re3 23. Rd3 Rfe8 24. Rad1 Re2 25. Bd5+ Be6 26. Bxc6 bxc6 27. Nd4 Bc4 28. Rc3 R2e3 29. Rxe3 Rxe3 30. Nf5 Re2 31. Rd8+ Kf7 32. Rd7+ Ke8 33. Rxa7 Bd5 34. Nxg7+ Kf8 35. Bd6+ Kg8 36. Nh5 Re6 37. a4 Be4 38. a5 Bxc2 39. a6 Nh4 40. Ra8+ Kf7 41. Rf8+ 1-0